Elements 41-80 Element to Symbol - Statistics

General Stats
  • This quiz has been taken 32 times
  • The average score is 37 of 40
Answer Stats
Element # Symbol % Correct
Gold 79 Au
100%
Barium 56 Ba
100%
Cerium 58 Ce
100%
Iodine 53 I
100%
Niobium 41 Nb
100%
Osmium 76 Os
100%
Rhodium 45 Rh
100%
Ytterbium 70 Yb
100%
Silver 47 Ag
91%
Cadmium 48 Cd
91%
Cesium 55 Cs
91%
Dysprosium 66 Dy
91%
Erbium 68 Er
91%
Europium 63 Eu
91%
Gadolinium 64 Gd
91%
Hafnium 72 Hf
91%
Holmium 67 Ho
91%
Indium 49 In
91%
Irdium 77 Ir
91%
Lanthanum 57 La
91%
Lutetium 71 Lu
91%
Molybdenum 42 Mo
91%
Neodymium 60 Nd
91%
Palladium 46 Pd
91%
Promethium 61 Pm
91%
Praseodymium 59 Pr
91%
Platinum 78 Pt
91%
Rhenium 75 Re
91%
Ruthenium 44 Ru
91%
Samarium 62 Sm
91%
Tin 50 Sn
91%
Tantalum 73 Ta
91%
Terbium 65 Tb
91%
Technetium 43 Tc
91%
Tellurium 52 Te
91%
Thulium 69 Tm
91%
Tungsten 74 W
91%
Xenon 54 Xe
91%
Mercury 80 Hg
82%
Antimony 51 Sb
73%
No matching quizzes found
Score Distribution
Percent of People with Each Score
Percentile by Number Answered
Your Score History
You have not taken this quiz